000 00445nam a2200169Ia 4500
003 IN-BaIIA
008 211028s9999 xx 000 0 eng d
040 _cIIA Library
080 _a53(042.3)
_bNOB-2
110 _aNobel Foundation
_94467
245 0 _aNobel lectures in physics 1922-1941
_cNobel Foundation
260 _aAmsterdam
_bElsevier
_c1965
300 _axii, 456p.
650 _aNASA Thesaurus
650 _aPhysics
_973
942 _cBK
999 _c2500
_d2500